| 000 | 00849cam a2200277 4500 | ||
|---|---|---|---|
| 008 | 090401t1992 xxu||||| |||| 00| 0 eng d | ||
| 020 | _a0729210766 | ||
| 035 | _a(Sirsi) u22502 | ||
| 041 | _aeng | ||
| 050 | _a690.0285425 | ||
| 110 |
_aNational Economic Development Council _9683 |
||
| 245 | 2 | _aA simple guide on how to do "IT": CAD data exchange in the construction industry. | |
| 260 |
_aLondon _bNEDO _c1992 |
||
| 300 | _a32p. : ill. ; 21cm. | ||
| 350 | _a0 | ||
| 650 | _aBUILDING INDUSTRY | ||
| 650 | _aCAD | ||
| 650 | _aCOMPUTER AIDED DESIGN | ||
| 650 | _aEDICON | ||
| 650 | _aMANAGEMENT-BUSINESS MANAGEMENT-INFORMATION MANAGEMENT | ||
| 690 | _aBUILDING AND CONSTRUCTION-COMPUTERS | ||
| 710 |
_aElectronic Data Interchange (Construction) Ltd _92481 |
||
| 710 |
_aBritish Telecom _92484 |
||
| 942 | _n0 | ||
| 948 | _c04/03/1997 | ||
| 999 |
_c88196 _d88196 |
||